000 00750nam a2200193 a 4500
001 000036441
005 20200930075731.0
008 120117s1999 mx 000 0 spa d
020 _a9683807879
040 _aDO-SdBNP
_bspa
_cBNPHU
082 _axxxx
_bR362c
100 1 _aReilly, Tom
_962658
240 1 0 _avalue-added customer service : the employee´s guide for creating satisfied customers
_lEspañol
245 1 0 _aCómo darle al cliente servicio con valor agregado :
_buna guía para los empleados que tratan directamente con los clientes. /
_cTom Reilly; traducido por Juan Carlos Jolly.
260 _aMéxico :
_bPanorama,
_c1999.
300 _a135 p. ;
_c21 cm.
500 _aTraducido del inglés
700 1 _aJolly, Juan Carlos,
_etr.
_926098
999 _c35932
_d35932